000 00283nam a22001337a 4500
008 181024b xxu||||| |||| 00| 0 eng d
020 _a9780521120326
041 _aeng
080 _a371
100 _a46
101 _aEDU
245 _aWriters at Work
_cBlass,L
942 _2udc
_cBK
999 _c50788
_d50788